Architecture and the forest aesthetic a new look at design and resilient urbanism

Guardat en:
Dades bibliogràfiques
Autor principal: VANDERGOOT, Jana
Format: Llibre
Idioma:anglès
Publicat: Routledge 2018
Etiquetes: Afegir etiqueta
Sense etiquetes, Sigues el primer a etiquetar aquest registre!

MARC

LEADER 00000nam a22000007a 4500
008 230714b |||||||| |||| 00| 0 eng d
020 |a 9781138837744 
100 |a VANDERGOOT, Jana 
245 |a Architecture and the forest aesthetic   |b a new look at design and resilient urbanism  |c Jana VanderGoot.  |g xv, 276p : ill 
260 |b  Routledge  |c  2018  |h New York  |i 700212  |i 700213  |l NA2542.35.V26  |m Architecture- Environmental aspects  |m Forests and forestry  |m Sustainable urban development 
500 |a it includes bibliographical references and index 
942 |a lcc  |c BK  |e Johnson  |f 14/07/23 
952 |0 0  |1 0  |2 lcc  |4 0  |6 NA254235 V26  |7 0  |9 4290  |a EDM  |b HOL  |c LP  |d 2023-07-14  |l 0  |o NA2542.35.V26  |p 2023-0218  |r 2023-07-14 00:00:00  |t 700212  |w 2023-07-14  |y BK 
952 |0 0  |1 0  |2 lcc  |4 0  |6 NA254235 V26  |7 0  |9 4291  |a HOL  |b HOL  |c LP  |d 2023-07-14  |l 0  |o NA2542.35.V26  |p 2023-0217  |r 2023-07-14 00:00:00  |t 700213  |w 2023-07-14  |y BK 
999 |c 2154  |d 2154